Who Did That 2010s Song #2 - Statistics

General Stats
  • This quiz has been taken 15,227 times
  • The average score is 14 of 20
Answer Stats
Year Song Artist % Correct
2014 Shake it Off Taylor Swift
95%
2015 Hello Adele
92%
2015 Sorry Justin Bieber
87%
2018 God's Plan Drake
84%
2012 Gangnam Style Psy
84%
2014 All About That Bass Meghan Trainor
81%
2019 7 Rings Ariana Grande
77%
2012 Starships Nicki Minaj
75%
2016 Cheap Thrills Sia
75%
2013 Wake Me Up Avicii
73%
2010 Just the Way You Are Bruno Mars
70%
2011 S&M Rihanna
69%
2015 See You Again Wiz Khalifa
61%
2019 Circles Post Malone
60%
2017 Despacito Luis Fonsi
59%
2012 Stronger (What Doesn't Kill You) Kelly Clarkson
58%
2013 Blurred Lines Robin Thicke
58%
2018 Lucid Dreams Juice Wrld
51%
2010 OMG Usher
29%
2011 Hold it Against Me Britney Spears
21%
No matching quizzes found
Score Distribution
Percent of People with Each Score
Percentile by Number Answered
Your Score History
You have not taken this quiz